Autonómne vozidlá a kybernetická bezpečnosť

Autá budúcnosti majú byť inteligentné bezpečnostné systémy. Zmeny prinesú inovácie ako prepojenie vozidiel, autonómne jazdenie (možno aj lietanie), interaktívne bezpečnostné systémy, biometrické technológie a pokročilé využívanie dát.

Gespeichert in:
Bibliographische Detailangaben
1. Verfasser: Pellegrini, Peter
Format: Buchkapitel
Sprache:Slowakisch
Schlagworte:
Tags: Tag hinzufügen
Keine Tags, Fügen Sie das erste Tag hinzu!

MARC

LEADER 00000naa a2200000 4500
001 0228548
005 20220725111319.8
041 0 |a slo 
044 |a SK 
245 1 0 |a Autonómne vozidlá a kybernetická bezpečnosť  |c Peter Pellegrini 
520 |a Autá budúcnosti majú byť inteligentné bezpečnostné systémy. Zmeny prinesú inovácie ako prepojenie vozidiel, autonómne jazdenie (možno aj lietanie), interaktívne bezpečnostné systémy, biometrické technológie a pokročilé využívanie dát. 
610 2 0 |a automobily 
610 2 0 |a priemysel automobilový 
610 2 0 |a systémy integrované dopravné 
610 2 0 |a bezpečnosť dopravy 
610 2 0 |a inovácia 
610 2 0 |a technológie nové 
100 1 |a Pellegrini, Peter